000 00291nam a2200133Ia 4500
005 20251222143144.0
008 251222s9999||||xx |||||||||||||| ||spa||
020 _a84-7490-720-9
082 _a848.9/P37
100 _aPƩguy, Charles
245 0 _aEva
264 _bEncuentro
942 _cLIB
999 _c12415
_d12415